=LDR 00000nam 2200000 4500 =001 INLIS000000000043438 =005 20131008103317 =008 ***********************************eng** =035 ##$$0010-101300000001360 =041 ##$$a eng =082 ##$$a 823 =090 ##$$a 823, Mas a =100 ##$$a MASON, AEW =245 ##$$a At the villa rose, AEW Mason =260 ##$$a Hodder $b London =300 ##$$a 224 hlm, 32 cm =650 ##$$a FIKSI-INGGRIS =850 ##$$a NBPNMAT =990 ##$$a 0001/BPAP-NTB/2016